Los derechos humanos desde la Escuela de Budapest

Gespeichert in:
Bibliographische Detailangaben
1. Verfasser: Herrera Flores, Joaquín (VerfasserIn)
Format: Buch
Sprache:Spanisch
Veröffentlicht: Madrid Fundación Cultural Enrique Luño Peña. Tecnos 1989
Schlagworte:
Tags: Tag hinzufügen
Keine Tags, Fügen Sie den ersten Tag hinzu!

MARC

LEADER 00000nam a2200000 a 4500
001 UCV1906
003 CL-VaPUC
008 910618e19890000SP |||||||||||||||||spa|d
082 0 4 |a 323.4  |b HER  |2 21 
100 |a Herrera Flores, Joaquín  |e author  |9 527694 
245 1 4 |a Los derechos humanos desde la Escuela de Budapest 
300 |a 175 p 
942 |c BK 
945 |d 19910618 00:00:00 
260 |a Madrid  |b Fundación Cultural Enrique Luño Peña. Tecnos  |c 1989 
650 0 |a Derechos humanos  |9 223025 
650 0 |a Historia  |9 255047 
583 |a last modification  |c 19910618 00:00:00  |k Rodrigo Vera 
999 |c 209660  |d 209658 
952 |0 0  |1 0  |4 0  |6 323_400000000000000_HER_1989  |7 0  |8 DER_TF  |9 185235  |a BIBDER  |b BIBDER  |d 2019-11-14  |i 2527006  |o 323.4 HER 1989  |p 2527006  |r 2023-01-25  |w 2019-11-14  |x Ubicación 4to Piso  |y BK  |z Estos recursos deben solicitarse con anticipación  |k DER